000 00396nam a2200133Ia 4500
008 220204s9999 xx 000 0 und d
082 _a327
_bBRO
100 _aTellez, Harrison
245 0 _aInternational development programs of the office of the foreign secretary
260 _aWashington
_bNational Academy of Sc
_c1973
650 _aInternational relations
700 _aTheresa
942 _cBK
999 _c23592
_d23592